000 00956nam a2200337 a 4500
999 _c11364
_d11364
001 11364
003 BD-JhCC
005 20230208134023.0
008 190901s2004 enk 001 0 eng
015 _aGBA4X2402
_2bnb
020 _a0091900212 (pbk.)
020 _a9780091900212
035 _a(Uk)012878658
035 _a(BD-JhCC)11364
038 _aUk
040 _aStDuBDS
_dUk
_cBD-JhCC
042 _aukblsr
049 _lb
082 0 4 _a650.12
_222
_bHIL 2004
090 _aBLI
_bYK.2005.a.4990
100 1 _aHill, Napoleon,
_d1883-1970.
245 1 0 _aThink and grow rich /
_cNapoleon Hill.
250 _a[New ed.] /
_brevised and expanded by Arthur R. Pell.
260 _aLondon :
_bVermilion,
_c2004.
300 _axvii, 302 p. ;
_c20 cm.
500 _aOrginally published: Meriden, Conn. : Ralston Society, 1937.
500 _aIncludes index.
650 0 _aSuccess in business.
700 1 _aPell, Arthur R.
942 _2ddc
_cBK
_08